| Поле | Инд. | ПП | Название | Значение |
|---|---|---|---|---|
| Тип записи | a | |||
| Библиографический уровень | b | |||
| 001 | Контрольный номер | RU/IS/BASE/443294209 | ||
| 005 | Дата корректировки | 20200630193240.7 | ||
| 008 | Кодируемые данные | 20140117 | ||
| 040 | b | Код языка каталог. | rus | |
| e | Правила каталог. | PSBO | ||
| 041 | 0_ | a | Код языка текста | rus |
| 084 | a | Индекс другой классификации/Индекс ББК | 60.73-1 | |
| 100 | 1_ | a | Автор | Дмитриев Р. В. |
| q | Полное имя | Дмитриев Руслан Васильевич | ||
| 245 | 10 | a | Заглавие | Использование гравитационных моделей для пространственного анализа систем расселения |
| 504 | a | Библиография | Лит. в конце статьи | |
| 520 | a | Аннотация | Доклад посвящен теоретическим подходам к изучению систем расселения разных иерархических уровней. Детально рассматривается возможность использования потенциала поля расселения для делимитизации зон влияния городов. Особое внимание уделено определению границ региональных систем расселения. | |
| 650 | a | Основная рубрика | демография | |
| a | Основная рубрика | народонаселение | ||
| 653 | 1_ | a | Ключевые слова | городское население |
| a | Ключевые слова | гравитационная модель | ||
| a | Ключевые слова | движение населения | ||
| a | Ключевые слова | демографическое развитие | ||
| a | Ключевые слова | миграция населения | ||
| a | Ключевые слова | размещение населения | ||
| a | Ключевые слова | расселение | ||
| a | Ключевые слова | сельское население | ||
| 773 | 0_ | t | Заглавие источника | Народонаселение |
| d | Дата издания источника | 2012 | ||
| g | Прочая информация | № 2. - С. 41 - 47 : расчет. | ||
| w | Контрольный № источника | RU/IS/BASE/401474689 | ||
| 901 | t | Тип документа | b |